Luật quảng cáo

Trình bày những qui định chung và qui định cụ thể về quyền và nghĩa vụ của tổ chức, cá nhân trong hoạt động quảng cáo; phương tiện, nội dung, điều kiện và các loại hình hoạt động quảng cáo; quảng cáo có yếu tố nước ngoài và điều khoản th...

全面介紹

Đã lưu trong:
書目詳細資料
Nhiều tác giả của công ty: Việt Nam (CHXHCN), Quốc hội
格式: 圖書
語言:Undetermined
出版: Hà Nội Chính trị quốc gia sự thật 2012
主題:
標簽: 添加標簽
沒有標簽, 成為第一個標記此記錄!
Thư viện lưu trữ: Trung tâm Học liệu Trường Đại học Cần Thơ
LEADER 01005nam a2200217Ia 4500
001 CTU_180614
008 210402s9999 xx 000 0 und d
020 |c 10000 
082 |a 343.597 
082 |b V308 
110 |a Việt Nam (CHXHCN) 
110 |b Quốc hội 
245 0 |a Luật quảng cáo 
245 0 |c Việt Nam (CHXHCN). Quốc Hội 
260 |a Hà Nội 
260 |b Chính trị quốc gia sự thật 
260 |c 2012 
520 |a Trình bày những qui định chung và qui định cụ thể về quyền và nghĩa vụ của tổ chức, cá nhân trong hoạt động quảng cáo; phương tiện, nội dung, điều kiện và các loại hình hoạt động quảng cáo; quảng cáo có yếu tố nước ngoài và điều khoản thi hành 
650 |a Law of advertising,Luật quảng cáo 
904 |i Thuý Vi 
980 |a Trung tâm Học liệu Trường Đại học Cần Thơ